L'Afrique des Africains : inventaire de la négritude /

محفوظ في:

المؤلف الرئيسي: Wauthier, Claude, 1923- (مؤلف)

التنسيق: كتاب

اللغة: French

منشور في: Paris : Éditions du Seuil, [1964].

سلاسل: L'Histoire immédiate.

الموضوعات:

الوسوم: إضافة وسم

لا توجد وسوم, كن أول من يضع وسما على هذه التسجيلة!

رقم الطلب: DT21 .W3 1964

LEADER 00850nam a2200277Ii 4500
001 9660
003 OSt
005 20260315125324.0
008 130303s1964 fr b 001 0 fre d
010 |a 66091525 
040 |c ARCE Library 
043 |a f------ 
050 4 |a DT21 .W3 1964 
100 1 |a Wauthier, Claude,   |d 1923-,   |e author  |9 41971 
245 1 2 |a L'Afrique des Africains :  |b inventaire de la négritude /  |c Claude Wauthier. 
264 1 |a Paris :  |b Éditions du Seuil,  |c [1964]. 
300 |a 314 pages ;  |c 21 cm. 
490 0 |a L'Histoire immédiate. 
504 |a Includes bibliographical references (pages 301-[308]) and index. 
650 0 |a Blacks  |x Race identity. 
650 0 |a Nationalism  |z Africa. 
650 0 |a Politics and literature  |z Africa. 
651 0 |a Africa in literature. 
901 |a reviewed 
942 |c BK  |2 lcc 
999 |c 11990  |d 11990